| 000 | 00701nam a2200205 i 4500 | ||
|---|---|---|---|
| 001 | 158217 | ||
| 003 | ES-MaACL | ||
| 005 | 20250813015837.0 | ||
| 008 | 931025s1875 it |||| | ita d | ||
| 100 | 1 |
_aLucrecio Caro, Tito. _974604 |
|
| 245 | 1 | 0 |
_aDella natura delle cose _b: libri sei / _cTito Lucrezio Caro ; tradotti da Alessandro Marchetti... |
| 250 | _a2ª ed. stereotipa. | ||
| 260 |
_aMilano : _bEdoardo Sonzogno, _c1875. |
||
| 300 |
_a317 p. ; _c19 cm. |
||
| 490 | 1 |
_aBiblioteca clássica económica ; _v11 |
|
| 700 | 1 |
_aMarchetti, Alessandro. _9129455 |
|
| 830 | 0 | 0 |
_aBiblioteca classica economica _v11 _9182054 |
| 852 |
_aES-MaACL _jG-10403 _z-- Enc. hol. |
||
| 999 |
_c158217 _d158217 |
||